I'archeologie vue du ciel / (Record no. 531596)

000 -LEADER
fixed length control field 00357nam a22001457a 4500
003 - CONTROL NUMBER IDENTIFIER
control field NUST
020 ## - INTERNATIONAL STANDARD BOOK NUMBER
International Standard Book Number 9782850258404
Qualifying information H/B.
038 ## - RECORD CONTENT LICENSOR
Staff Name waseem
082 ## - DEWEY DECIMAL CLASSIFICATION NUMBER
Classification number 930.10222
Author Mark MAR
100 ## - MAIN ENTRY--PERSONAL NAME
Personal name Marchiori, Antonio
9 (RLIN) 24488
245 ## - TITLE STATEMENT
Title I'archeologie vue du ciel /
Statement of responsibility, etc. Antonio Marchiori
260 ## - PUBLICATION, DISTRIBUTION, ETC.
Place of publication, distribution, etc. Paris :
Name of publisher, distributor, etc. Hazan,
Date of publication, distribution, etc. 2002.
300 ## - PHYSICAL DESCRIPTION
Extent 254 p. ;
942 ## - ADDED ENTRY ELEMENTS (KOHA)
Source of classification or shelving scheme
Koha item type Book
Holdings
Withdrawn status Lost status Source of classification or shelving scheme Damaged status Not for loan Permanent Location Current Location Date acquired Source of acquisition Full call number Barcode Date last seen Price effective from Koha item type
          Central Library (CL) Central Library (CL) 10/21/2019 Donation 930.10222 MAR CL-D-747 10/21/2019 10/21/2019 Reference
© 2023 Central Library, National University of Sciences and Technology. All Rights Reserved.